000 00867nmm a2200313 a 4500
003 AR-BaBNM
005 20251128203958.0
008 301020s1993 ||||||||||||||000 | spa||
020 _a950-07-0664-4
040 _cAR-BaBNM
100 1 _aSchujer, Silvia
245 1 0 _aPalabras para jugar
250 _a5ª ed.
260 _aBuenos Aires
_bSudamericana
_c1993
300 _a94 p.
_bil.
_ecasete
500 _aContiene las soluciones de los ejercicios
500 _aLa presente obra viene acompañada por un cassette, solicitarlo en medioteca
650 4 _aENSENANZA DE LA LECTURA
650 4 _aENSENANZA DE LA ESCRITURA
650 4 _aMATERIAL DIDACTICO
650 4 _aPOESIA
650 4 _aEDUCACION
650 4 _aJUEGO
650 4 _aCANCIONES
653 _aCRUCIGRAMAS
700 1 _aElizalde, Marcelo
_eilustrador
942 _cBK
998 _claura
999 _c5690
_d5690